Big Vision Small Business

Guardado en:
Detalles Bibliográficos
Autor principal: Walters, Jamie S.
Formato: Libro
Lenguaje:English
Publicado: 2001
Materias:
Etiquetas: Agregar Etiqueta
Sin Etiquetas, Sea el primero en etiquetar este registro!
Thư viện lưu trữ: Mạng thư viện Đại học Đà Nẵng
LEADER 01104cam a22003371a 4500
001 000033583
003 9764
005 20151029000000.0
008 151016s2001 000 eng
020 |a 1589750004 
041 |a eng 
082 |a 420.33  |b WA-J 
100 |a Walters, Jamie S. 
245 |a Big Vision Small Business  |c Jamie S.Walters 
260 |c 2001 
300 |a 195p. : ill ; 25cm 
650 |a Jamie S.Walters, Big Vision, Small Business, 2001, Big Vision Small Business 
852 |b Chuyên đề  |c Văn học nước ngoài 
OWN |a LNN 
AVA |a UDN50  |b LNN  |d 420.33 WA-J  |e available  |t Error 5001 Not defined in file expand_doc_bib_avail.  |f 1  |g 0  |h N  |i 0  |k 1 
999 |a From the UDN01 
AVA |a UDN50  |b LNN  |d 420.33 WA-J  |e available  |t Error 5001 Not defined in file expand_doc_bib_avail.  |f 1  |g 0  |h N  |i 0  |k 1 
TYP |a Monograph 
TYP |a Printed language 
980 |a Mạng thư viện Đại học Đà Nẵng